000 00357nam a2200157Ia 4500
003 OSt
005 20240113112826.0
008 170524s9999 xx 000 0 und d
020 _a9788120321076
040 _ciimtu
100 _aPopov egor I
245 0 _aEngineering Mechanics of solids
260 _bNew Delhi P H I
260 _c1998
942 _2ddc
_c02
999 _c5542
_d5542